=LDR 00000nam 2200000 4500 =001 INLIS000000000022075 =005 20210325091241 =035 ##$$a 0010-061300000022075 =008 210325################g##########0#ind## =041 ##$$a Ind =082 ##$$a 2x9.1 =090 ##$$a 2x9.1, Ahm b =100 ##$$a Ahmad, Mahdi Rizqullah =245 1#$$a Biografi rasulullah : $b sebuah studi analitis berdasarkan sumber sumber yang otentik /$c Dr. Mahdi Rizqullah Ahmad, Penerjemah. =260 ##$$a Jakarta :$b Qisthi press,$c 2005 =300 ##$$a xxiv, 1198 hlm ; $c 15,5 x 24,5 cm =650 #4$$a Nabi Muhammad-Biografi =850 ##$$a NBPNMAT =020 ##$$a 979-3715-56-1 =084 ##$$a 2x9.1 AHM b =250 ##$$a Cet. 1 =990 ##$$a 10607465 =990 ##$$a 21400613/BPAP-NTB/20142014 =990 ##$$a 0348/BPAP-NTB/2016 =990 ##$$a 0349/BPAP-NTB/2016